The big book of creativity games : (Record no. 152980)
[ view plain ]
| 000 -LEADER | |
|---|---|
| fixed length control field | 00780nam a22002417a 4500 |
| 003 - CONTROL NUMBER IDENTIFIER | |
| control field | dpl |
| 005 - DATE AND TIME OF LATEST TRANSACTION | |
| control field | 20180622143632.0 |
| 008 - FIXED-LENGTH DATA ELEMENTS--GENERAL INFORMATION | |
| fixed length control field | 180622b xxu||||| |||| 00| 0 eng d |
| 010 ## - LIBRARY OF CONGRESS CONTROL NUMBER | |
| LC control number | B-147419 |
| 020 ## - INTERNATIONAL STANDARD BOOK NUMBER | |
| Terms of availability | 0.00 |
| International Standard Book Number | 0070597030 |
| 035 ## - SYSTEM CONTROL NUMBER | |
| System control number | B-147419 |
| 037 ## - SOURCE OF ACQUISITION | |
| Source of stock number/acquisition | BPPD/PUB |
| 040 ## - CATALOGING SOURCE | |
| Original cataloging agency | dpl |
| Language of cataloging | EN |
| Transcribing agency | 0 |
| 082 ## - DEWEY DECIMAL CLASSIFICATION NUMBER | |
| Classification number | 658.314 |
| Item number | EPS |
| 100 ## - MAIN ENTRY--PERSONAL NAME | |
| Personal name | Epstein, Robert |
| 245 ## - TITLE STATEMENT | |
| Title | The big book of creativity games : |
| Statement of responsibility, etc | by Robert Epstein |
| Remainder of title | Quick, fun activities for jumpstarting innovation / |
| 260 ## - PUBLICATION, DISTRIBUTION, ETC. (IMPRINT) | |
| Place of publication, distribution, etc | New Delhi |
| Name of publisher, distributor, etc | Tata Mcgraw hill publishing company |
| Date of publication, distribution, etc | 2004 |
| 270 ## - ADDRESS | |
| City | New Delhi |
| Address | 7 West patel nagar |
| Postal code | 110008 |
| 300 ## - PHYSICAL DESCRIPTION | |
| Extent | xiii,223p. |
| Dimensions | 25cm(Hb) |
| 650 ## - SUBJECT ADDED ENTRY--TOPICAL TERM | |
| Topical term or geographic name as entry element | Business -- meetings |
| 9 (RLIN) | 72600 |
| 650 ## - SUBJECT ADDED ENTRY--TOPICAL TERM | |
| Topical term or geographic name as entry element | Business meetings |
| 9 (RLIN) | 72601 |
| 942 ## - ADDED ENTRY ELEMENTS (KOHA) | |
| Source of classification or shelving scheme | Dewey Decimal Classification |
| Koha item type | English Books |
| Classification part | 658.314 |
| Call number suffix | EPS |
| Withdrawn status | Lost status | Source of classification or shelving scheme | Damaged status | Not for loan | Collection code | Home library | Current library | Date acquired | Source of acquisition | Cost, normal purchase price | Total Checkouts | Full call number | Barcode | Date last seen | Cost, replacement price | Price effective from | Koha item type | Total Renewals | Date checked out |
|---|---|---|---|---|---|---|---|---|---|---|---|---|---|---|---|---|---|---|---|
| Dewey Decimal Classification | Non-fiction | Sarojini Nagar | Sarojini Nagar | 08/04/2019 | 1 | 658.314 EPS | B-147408 | 10/04/2024 | 08/04/2019 | English Books | 2 | 20/03/2024 | |||||||
| Dewey Decimal Classification | Non-fiction | Sarojini Nagar | Sarojini Nagar | 08/04/2019 | 2 | 658.314 EPS | B-132665 | 26/05/2022 | 08/04/2019 | English Books | 2 | 30/04/2022 | |||||||
| Dewey Decimal Classification | Non-fiction | Shahdara Branch | Shahdara Branch | 22/06/2018 | BPPD/PUB | 0.00 | 658.314 EPS | B-147419 | 22/06/2018 | 0.00 | 22/06/2018 | English Books | |||||||
| Dewey Decimal Classification | Non-fiction | Yojana Vihar | Yojana Vihar | 16/07/2019 | BPPD/PUB | 0.00 | 658.314 EPS | B-147420 | 16/07/2019 | 0.00 | 16/07/2019 | English Books |
